Statistics for Largest Cities in Europe Beginning With 'M'

Click here to take the quiz!

General Stats

  • This quiz has been taken 132 times
  • The average score is 15 of 28

Answer Stats

#PopulationCountryAnswer% Correct
118,800,000RussiaMoscow
100%
43,125,000United KingdomManchester
99%
36,100,000ItalyMilan
99%
26,850,000SpainMadrid
98%
62,050,000BelarusMinsk
97%
52,275,000GermanyMunich
97%
71,690,000FranceMarseille
96%
17357,377SwedenMalmö
80%
91,080,000SpainMálaga
79%
81,580,000GermanyMannheim
73%
15465,950FranceMontpellier
53%
20306,700GermanyMünster
53%
11608,054SpainMurcia
46%
16425,681UkraineMariupol
44%
28217,556GermanyMainz
43%
21295,200GermanyMagdeburg
33%
12529,268United KingdomMiddlesbrough / Hartlepool
30%
23270,384RussiaMurmansk
30%
27218,786ItalyMessina
28%
22290,554FranceMetz
28%
14470,011UkraineMykolaiv
25%
13501,000GermanyMönchengladbach
24%
25246,565FranceMulhouse
22%
24269,936United KingdomMilton Keynes
21%
18353,338BelarusMogilev
16%
10623,254RussiaMakhachkala
15%
26244,006SpainMarbella - Estepona
14%
19338,968UkraineMakiivka
8%

Score Distribution

Percentile by Number Answered

Percent of People with Each Score

Your Score History

You have not taken this quiz